00585 2200217 4500001002100000005001500021035002000036245007600056100001500132250001400147260002900161300002900190020001800219084002100237084002100258082001100279650001000290008004100300990001300341990001300354INLIS00000000000876220230616082232 a0010-01230003031 aPlanetplanet hiasan langit :bPlanets the ornament of sky /cYoli Hemdi aYoli Hemdi aCetakan I aJakarta :bLuxima,c2018 aiv, 33 halaman ;c23 cm. a9786022682240 a297.05 YOL p C.1 a297.05 YOL p C.2 a297.05 4aIslam230616 g 0 ind  a022.1401 a022.1402